| 000 | 00448 a2200181 4500 | ||
|---|---|---|---|
| 001 | 145838 | ||
| 040 | _cLeonardo Da Vinci | ||
| 041 | _aPortuguês | ||
| 082 |
_a028.5 N398 _bN398 |
||
| 100 | _aNEIL,Philip | ||
| 245 | _aVolta ao mundo em 52 histórias | ||
| 250 | _a2° ed | ||
| 260 |
_bCompahia das Letras _c2015 _aSão Paulo |
||
| 300 | _a160p | ||
| 362 | _a20150000 | ||
| 697 | _acontos de fadas, literatura infanto-juvenil | ||
| 942 | _cBK | ||
| 999 |
_c145838 _d145838 |
||